| 000 | 00680cam a2200217 a 4500 | ||
|---|---|---|---|
| 001 | 000012150 | ||
| 005 | 20200929162721.0 | ||
| 008 | 820317s1928 ag 000 0 spa | ||
| 010 | _a34010955 | ||
| 035 | _a(DLC) 34010955 | ||
| 040 |
_aDO-SdBNP _bspa _cDLC _dBNPHU |
||
| 050 | 0 | 0 |
_aLA548 _b.S3 |
| 082 |
_axxx _bS211c |
||
| 100 | 1 |
_aSánchez Viamonte, Carlos, _d1892-1972. _928716 |
|
| 245 | 1 | 3 |
_aLa cultura frente a la universidad / _cCarlos Sánchez Viamonte. |
| 260 |
_aBuenos Aires, (Argentina) : _bJ. Samet, _c[1928]. |
||
| 300 |
_a155, [4] p. ; _c19 cm. |
||
| 650 | 0 |
_aUniversities and colleges _zArgentina. _928717 |
|
| 910 | _aCatalogación por copia / LC | ||
| 910 | _aDC | ||
| 999 |
_c11815 _d11815 |
||